UBT Library

PEDIATRIC NUTRITION HANDBOOK (Record no. 10792)

000 -LEADER
fixed length control field 00309nam a22001337a 4500
008 - FIXED-LENGTH DATA ELEMENTS--GENERAL INFORMATION
fixed length control field 170414b xxu||||| |||| 00| 0 eng d
020 ## - INTERNATIONAL STANDARD BOOK NUMBER
International Standard Book Number 9781581102987
041 ## - LANGUAGE CODE
Language code of text/sound track or separate title eng
080 ## - UNIVERSAL DECIMAL CLASSIFICATION NUMBER
Edition identifier 6TH
Universal Decimal Classification number 612.39
100 ## - Rafti
Rafti 10
101 ## - Shkurtesa
Shkurtesa SHM
245 ## - TITLE STATEMENT
Title PEDIATRIC NUTRITION HANDBOOK
Statement of responsibility, etc KLEINMAN, R.E
942 ## - ADDED ENTRY ELEMENTS (KOHA)
Source of classification or shelving scheme
Item type Books
Holdings
Withdrawn status Lost status Source of classification or shelving scheme Damaged status Not for loan Collection code Permanent location Current location Shelving location Date acquired Total Checkouts Full call number Barcode Date last seen Price effective from Koha item type
          Koleksioni i përgjithshem UBT - Lipjan UBT - Lipjan Koleksioni i përgjithshem 04/14/2017   612.39 KLE 002-280372 04/14/2017 04/14/2017 Books
          Koleksioni i përgjithshem UBT - Lipjan UBT - Lipjan   03/29/2023   616.53AAP 002-80003063 03/29/2023 03/29/2023 Books
UBT Library © 2015-2024. All rights reserved University Education for Business and Technology